000 00901cab a2200253 4500
001 ABS55206
008 090401t1996 xxu||||| |||| 00| 0 eng d
035 _a(Sirsi) u14808
041 _aeng
100 _aKeeble, S
245 _aNew tenancy makes life more businesslike down on the farm
260 _c1996
350 _a0
490 _aProperty Week
_v55(6) 9 May 1996, 27(1)
520 _aThe new farm business tenancy may encourage landowners to lease land and allow them to achieve market rents. Follows the implementation of the Agricultural Tenancies Act 1995 which relaxes lease termination rules.
650 _aAGRICULTURAL TENANCIES ACT 1995
650 _aBUSINESS TENANCIES
650 _aFARM BUSINESS TENANCIES
650 _aFARM DIVERSIFICATION
650 _aSECURITY OF TENURE
690 _aLANDLORD AND TENANT-AGRICULTURAL TENANCIES
942 _n0
948 _c04/03/1997
999 _c9668
_d9668